000 01033nam a2200229Ia 4500
003 Ost
005 20260507074902.0
008 260507s9999||||xx |||||||||||||| ||und||
020 _a9774100360
040 _cfsecg
041 _aara
082 _a332.1
100 _aغنيم، أحمد محمد
_eمؤلف
245 0 _aإدارة البنوك تقليدية الماضي والكترونية المستقبل /
_c أحمد محمد غنيم
260 _aالإسكندرية:
_bالمكتبة العصرية للنشر والتوزيع,
_c2007
300 _a154 صفحة؛
_bإيضاحات ؛
_c25 سم
504 _aببليوغرافيا: ص.151
520 _aيضم إدارة البنوك، هيكل الجهاز المصرفي، المبادئ الحاكمة لأعمال البنوك، إدارة الخدمات المصرفية، إدارة موارد البنوك، إدارة نشاط توظيف أموال البنوك
653 _aالإدارة المالية
653 _aالبنوك
942 _cكتاب
999 _c41663
_d41663